Due to a planned intervention on the underlying infrastructure, submissions functionality (new uploads and modifications) will be unavailable on Tuesday, April 21st, from 13:00 to 14:00 CEST.

CERN Accelerating science

001983191 001__ 1983191
001983191 005__ 20150618145458.0
001983191 0248_ $$aoai:cds.cern.ch:1983191$$pcerncds:FULLTEXT$$pcerncds:CERN:FULLTEXT$$pcerncds:CERN
001983191 0247_ $$2DOI$$a10.1142/S1793626814300047
001983191 037__ $$aCERN-ACC-2015-0015
001983191 035__ $$9Inspire$$a1344716
001983191 041__ $$aeng
001983191 100__ $$aFischer, W$$uBrookhaven Natl. Lab.
001983191 245__ $$aIon Colliders
001983191 269__ $$aGeneva$$bCERN$$c22 Jan 2015
001983191 260__ $$c2014
001983191 300__ $$amult. p
001983191 520__ $$aHigh-energy ion colliders are large research tools in nuclear physics to study the Quark-Gluon-Plasma (QGP). The range of collision energy and high luminosity are important design and operational considerations. The experiments also expect flexibility with frequent changes in the collision energy, detector fields, and ion species. Ion species range from protons, including polarized protons in RHIC, to heavy nuclei like gold, lead and uranium. Asymmetric collision combinations (e.g. protons against heavy ions) are also essential. For the creation, acceleration, and storage of bright intense ion beams, limits are set by space charge, charge change, and intrabeam scattering effects, as well as beam losses due to a variety of other phenomena. Currently, there are two operating ion colliders, the Relativistic Heavy Ion Collider (RHIC) at BNL, and the Large Hadron Collider (LHC) at CERN.
001983191 595__ $$aCERN EDS
001983191 595__ $$zUNCL
001983191 65017 $$2SzGeCERN$$aAccelerators and Storage Rings
001983191 690C_ $$aCERN
001983191 690C_ $$aARTICLE
001983191 693__ $$aNot applicable$$eNot applicable
001983191 693__ $$aCERN LHC
001983191 693__ $$aBNL RHIC
001983191 700__ $$aJowett, J M$$uCERN
001983191 710__ $$5ATS
001983191 773__ $$c49-76$$pRev. Accel. Sci. Technol.$$v7$$y2014
001983191 859__ $$fflora.berrenger@cern.ch
001983191 8564_ $$s2924884$$uhttps://cds.cern.ch/record/1983191/files/CERN-ACC-2015-0015.pdf
001983191 8564_ $$s6434164$$uhttps://cds.cern.ch/record/1983191/files/CERN-ACC-2015-0015.pdf?subformat=pdfa$$xpdfa
001983191 916__ $$sn$$w201505
001983191 960__ $$a13
001983191 963__ $$aPUBLIC
001983191 980__ $$aARTICLE
001983191 980__ $$aConferencePaper